| 000 | 00629nam a22001937a 4500 | ||
|---|---|---|---|
| 005 | 20251108172327.0 | ||
| 008 | 250721s1983 xx 000 0 ara d | ||
| 082 | 1 | 4 | _a331.026/موس |
| 100 | 1 | _aنفاع، موسى | |
| 245 | 1 | 0 | _aالمبادئ القانونية التي إستقر عليها إجتهاد القضاء الأردني في دعاوى و منازعات العمل / |
| 264 | 1 |
_aعمان : _c1983. |
|
| 300 | _a157ص | ||
| 650 | 1 | 7 | _aالعمل و العمال |
| 650 | 1 | 7 | _aتشريعات العمل |
| 650 | 1 | 7 | _aالأردن |
| 650 | 1 | 7 | _aقانون العمل |
| 942 |
_2ddc _cBK |
||
| 999 |
_c76273 _d76273 |
||